Countries with the highest income tax rate - Statistics

General Stats
  • This quiz has been taken 120 times
  • The average score is 16 of 20
Answer Stats
Rank Income percentage Country % Correct
2 55,4% Denmark
96%
8 49,6% Finland
96%
9 47,8% Norway
96%
1 56,6% Sweden
96%
4 50% United Kingdom
93%
18 43% Spain
92%
13 45% Germany
88%
4 50% Austria
85%
4 50% Belgium
84%
18 43% Italy
84%
3 52% The Netherlands
81%
12 45,9% Portugal
80%
10 47% Ireland
78%
4 50% Japan
78%
11 46,3% Iceland
77%
13 45% Greece
76%
13 45% Australia
75%
13 45% China
61%
13 45% Israel
35%
20 42% Papua New Guinea
3%
No matching quizzes found
Score Distribution
Percent of People with Each Score
Percentile by Number Answered
Your Score History
You have not taken this quiz